000 00720cpcaa22002177a 4500
001 mm 79003391
003 DLC
005 20260227111643.0
008 790820|||||||||||| dut
010 _amm 79003391
040 _aDLC
_cDLC
_edacs
_dDLC
072 7 _aC
_2lcmd
245 0 0 _aManhattan Island purchase letter,
_fcirca 1626.
300 _a1
_fitem.
506 0 _aOpen to research.
533 _aFacsimile.
_b[S.l.].
546 _aCollection material in Dutch.
580 _aForms part of: Miscellaneous Manuscripts collection.
651 0 _aManhattan (New York, N.Y.)
_xHistory.
999 _c41308
_d41308